Español 3 : (Registro nro. 9716)

Detalles MARC
000 -LEADER
fixed length control field 01585nam a2200325 a 4500
001 - CONTROL NUMBER
control field 00003849
003 - CONTROL NUMBER IDENTIFIER
control field DO-SdBNP
005 - DATE AND TIME OF LATEST TRANSACTION
control field 20170224094738.0
007 - PHYSICAL DESCRIPTION FIXED FIELD--GENERAL INFORMATION
fixed length control field 00003849
008 - FIXED-LENGTH DATA ELEMENTS--GENERAL INFORMATION
fixed length control field 091117s2004 dr ac 000 0 spa d
020 ## - INTERNATIONAL STANDARD BOOK NUMBER
International Standard Book Number 9993498262
040 ## - CATALOGING SOURCE
Original cataloging agency BNPHU
Language of cataloging spa
Transcribing agency BNPHU
092 ## - LOCALLY ASSIGNED DEWEY CALL NUMBER (OCLC)
Classification number xxxx
Item number E77
100 1# - MAIN ENTRY--PERSONAL NAME
Personal name Incháustegui, María Isabel
245 00 - TITLE STATEMENT
Title Español 3 :
Remainder of title educación básica /
Statement of responsibility, etc. María Isabel Incháustegui ; dirección editorial Obdulia García de Escobar ; ilustraciones Ruddy Núñez.
260 ## - PUBLICATION, DISTRIBUTION, ETC. (IMPRINT)
Place of publication, distribution, etc. Santo Domingo :
Name of publisher, distributor, etc. Santillana,
Date of publication, distribution, etc. 2004.
300 ## - PHYSICAL DESCRIPTION
Extent 176 p. :
Other physical details il., retrs. ;
Dimensions 28 cm.
490 1# - SERIES STATEMENT
Series statement Ámbar
505 0# - FORMATTED CONTENTS NOTE
Miscellaneous information v. 3 :
-- unidad 1 --
Title Conocemos a Rita --
Miscellaneous information unidad 2 --
Title Jueguemos en el garaje --
Miscellaneous information unidad 3 --
Title La carrera de relevos --
Miscellaneous information unidad 4 --
Title Criadores de mariposas --
Miscellaneous information unidad 5 --
Title Llega la navidad --
Miscellaneous information unidad 6 --
Title Noticias de la tía Juanita --
Miscellaneous information unidad 7 --
Title Un experimento científico --
Miscellaneous information unidad 8 --
Title El viejo telescopio --
Miscellaneous information unidad 9 --
Title Hojas para un cuaderno --
Miscellaneous information unidad 10 --
Title Una planta curiosa --
Miscellaneous information unidad 11 --
Title Vamos de excursión --
Miscellaneous information unidad 12 --
Title Una tarde de junio --
-- Usamos el diccionario --
700 12 - ADDED ENTRY--PERSONAL NAME
Personal name García de Escobar, Obdulia,
Relator term ed.
700 1# - ADDED ENTRY--PERSONAL NAME
Personal name Núñez, Ruddy,
Relator term il.
830 #0 - SERIES ADDED ENTRY--UNIFORM TITLE
Uniform title Ámbar
930 #1 - EQUIVALENCE OR CROSS-REFERENCE-UNIFORM TITLE HEADING [LOCAL, CANADA]
Language of a work BND01
Medium of performance for music LF1
Field link and sequence number 20100225
Date of a work 04
Name of part/section of a work HD
Miscellaneous information 7832
Medium e. 3
930 #1 - EQUIVALENCE OR CROSS-REFERENCE-UNIFORM TITLE HEADING [LOCAL, CANADA]
Language of a work BND01
Medium of performance for music LF1
Field link and sequence number 20091118
Date of a work 01
Name of part/section of a work HD
Miscellaneous information 7832
930 #1 - EQUIVALENCE OR CROSS-REFERENCE-UNIFORM TITLE HEADING [LOCAL, CANADA]
Language of a work BND01
Medium of performance for music LF1
Field link and sequence number 20100210
Date of a work 01
Name of part/section of a work HD
Miscellaneous information 7832
Medium e. 2
942 ## - ADDED ENTRY ELEMENTS (KOHA)
Source of classification or shelving scheme Dewey Decimal Classification
Koha item type Libros
956 ## - LOCAL ELECTRONIC LOCATION AND ACCESS (OCLC)
Host name YLOCKWARD
Access number 10
Compression information 20150806
Logon BND01
Processor of request 1324
956 ## - LOCAL ELECTRONIC LOCATION AND ACCESS (OCLC)
Host name VMATEO
Access number 10
Compression information 20150813
Logon BPMSU
Processor of request 00151
956 ## - LOCAL ELECTRONIC LOCATION AND ACCESS (OCLC)
Host name LOPEREZ
Access number 10
Compression information 20160412
Logon BPMSU
Processor of request 0041
Existencias
Withdrawn status Lost status Source of classification or shelving scheme Damaged status Not for loan Collection code Home library Current library Date acquired Source of acquisition Total Checkouts Barcode Date last seen Price effective from Koha item type
    Dewey Decimal Classification     Colección Escolar Biblioteca Pública Metropolitana Salomé Ureña Biblioteca Pública Metropolitana Salomé Ureña 04/12/2016 Donación   BPMSU16040363 04/12/2016 04/12/2016 Libros